Quizzes
Events
Quiz Creation
Community
Videos
Private Events
Remove Ads
Sign In
Join for FREE
Feedback
Dark Mode
Quiz Categories
Sports
Geography
Music
Movies
Television
Just For Fun
Miscellaneous
History
Literature
Language
Science
Gaming
Entertainment
Religion
Holiday
For Kids
Quiz Lab
Recent
Popular Today
Quiz Kudos Today
Editor Picks
Curator Picks
Quizzes by...
Day
Popularity
Type
Ratings
Length
Year
Community
Subscriptions
Recent Discussions
Orange Saloon
Badges
Playlists
Quests
Create
Leaderboards
Showdown
Live 5
Trivia Bingo
Activity
Puzzle Library
Sporcle Events
Private Events
Virtual Trivia
Globe League
Become a Host
Pub Owners
SporcleCon
Opinionation
Our Games
Videos
Blog
Mobile Apps
Partnerships
Remove Ads and Go Orange
Feedback
Geography
Country
Landmarks
City
State
Population
World
Capital
Continent
Flags
Europe
Africa
Asia
South America
North America
Oceania
Border
Canada
United Kingdom
Topography
United States
Geography
Country
Landmarks
City
State
Population
World
Capital
Continent
Flags
Europe
Africa
Asia
South America
North America
Oceania
Border
Canada
United Kingdom
Topography
United States
Random Quiz
Search Sporcle
×
Quiz Lab
Quiz Lab
Geography
United States
Type in answers that appear in a list
Type in answers that appear in a list
Classic
Best Score? Go Orange.
Largest Bus Agencies in the United States Stats
Can you name the largest United States bus agencies?
By
jfiorill
8m
36 Questions
113 Plays
113 Plays
113 Plays
Comments
Comments
Give Quiz Kudos
Give Quiz Kudos
-
- Ratings
hide this ad
Replay
Link that replays current quiz
Next Quiz
Link to next quiz in quiz playlist
You Got
0%
They Got
Avg Score
81%
Avg Friend Score
Upgrade to see
Score Distribution
Jump to the score distribution portion of the page
Score
0/36
Timer
08:00
0
Plays Today
Agency
% Correct
Los Angeles County Metropolitan Transportation Authority
95.6%
Metropolitan Transportation Authority (N.Y.)
94.7%
Metropolitan Transit Authority of Harris County
93.8%
Chicago Transit Authority
92%
Metro Transit (Wash.)
91.2%
San Francisco Municipal Transportation Agency
89.4%
Maryland Transit Administration
89.4%
Massachusetts Bay Transportation Authority
89.4%
Dallas Area Rapid Transit
89.4%
Southeastern Pennsylvania Transportation Authority
88.5%
Alameda-Contra Costa Transit District
88.5%
Tri-County Metropolitan Transportation District of Oregon
86.7%
Santa Clara Valley Transportation Authority
86.7%
Miami-Dade Transit
85%
Broward County Transit
85%
New Jersey Transit
85%
Metro Transit (Mo.)
84.1%
Washington Metropolitan Area Transit Authority
83.2%
Agency
% Correct
Metropolitan Atlanta Rapid Transit Authority
83.2%
Orange County Transportation Authority
83.2%
Detroit Department of Transportation
82.3%
Long Beach Transit
82.3%
Big Blue Bus (Calif.)
82.3%
Greater Cleveland Regional Transit Authority
80.5%
Pace Suburban Bus (Ill.)
79.6%
Metro Transit (Minn.)
78.8%
San Diego Metropolitan Transit System
77.9%
Phoenix Public Transit Department
76.1%
Port Authority of Allegheny County
75.2%
Regional Transportation District (Colo.)
74.3%
Southwest Ohio Regional Transit Authority
73.5%
Milwaukee County Transit System
72.6%
VIA Metropolitan Transit (Tex.)
72.6%
Central Ohio Transit Authority
64.6%
Central Florida Regional Transportation Authority
61.9%
Hampton Roads Transit
44.2%
Quiz Playlist
Details
Report
Send in Message
Add To Playlist
Classic:
Type in answers that appear in a list
Last Updated: Feb 16, 2017
Quiz Scoreboard
CHALLENGE
Sign Up to Join the Scoreboard
Show All
Scores
Hide
Comments
May contain spoilers
Recently Published
Movies - When Are They Set?
by FPL_Elf
Movies
5m
Popular People in 1961
by mucciniale
History
6m
1-10 Letter E Words III
by El_Dandy
Language
2m
More to Explore
Quiz From the Vault
Featured Blog Post
Where Did the Easter Bunny Come From?
hide this ad
You Might Also Like...
Tags
United States Quiz
bus
metropolitan
transit
transportation
Today's Top Quizzes in Geography
Browse Geography
hide this ad
Today's Top Quizzes in United States
Browse United States
Top Contributed Quizzes in Geography
1
Countries of the World - No Outlines Minefield
2
Top 25 Cities of France on a map
3
Closest Countries to UK A-Z
4
One Thing in Common: United Kingdom
5
Any capital of a 'B' country per Continent
6
Blind Secret Country CLXXXVIII
7
African Flag Reveal XLV
8
Blind Ultimate Minefield: USA
9
Find the US States - No Outlines
10
One Thing in Common: Asia
Explore More
Trending Topics
Anime
Kpop
Harry Potter
NBA
Crossword
Disney
Marvel
Song
Soccer
NFL
Puzzle
The Office
WWE
Pokémon
Country
hide this ad
More By:
jfiorill
Quiz
Plays
Rating
Category
Featured
Created
ATP World Tour and Grand Slam tennis countries 2012
1,438
4.11
Sports
May 18, 2012
U.S. News law school ranking 2018
757
4.78
Miscellaneous
Mar 16, 2016
30 greatest jazz pianists
713
3.86
Music
May 17, 2012
DownBeat Jazz Hall of Fame
622
5.00
Music
Nov 28, 2017
US News university rankings 2018
607
4.67
Miscellaneous
Sep 16, 2017
Go to Creator's Profile
Score Distribution
Quiz Creator Spotlight
jfiorill
Follow
Send a Message
Quizzes Created
-
Created Quiz Play Count
-
More By This Creator
Popular Quizzes Today
1
Find the Countries of Europe - No Outlines Minefield
2
Find the US States - No Outlines Minefield
3
The Countries of the World
4
Popular People in 1961
5
US States
6
1-10 Letter E Words III
7
Find the US States
8
One Thing in Common: World Cities II
More Geography Quizzes
The Gambia Physical Geography
Quiz Lab
Trending Quizzes
Risky Map Clicking: Least Populous States A-Z
1-10 Letter F Words
1-10 Letter G Words
One Thing in Common: United Kingdom
Risky Map Clicking: Next State Alphabetically
Recently Updated
Leaping Animals
pecheneg
Reality TV Shows (A-Z)
bhenderson79
Rickey Henderson's Hall of Fame Teammates
pecheneg
Champions League XIs: Arsenal
pecheneg
Quick Pick: Celebrities in WWE's Hall of Fame
aduchscher
A-Z Keypad Blitz II
pecheneg
Multiple Oscar Actors
pecheneg
Mystery Phrase Blitz: Oscar 'Best Actors'
pecheneg
F. Scott Fitzgerald Novels
LTH
Pick 3 Villains
ddd62291
Trending Topics
Anime
Kpop
Crossword
Harry Potter
NBA
Disney
Marvel
Puzzle
WWE
Country
Soccer
The Office
Song
Pokémon
NFL
Your Account Isn't Verified!
In order to create a playlist on Sporcle, you need to verify the email address you used during registration. Go to your
Sporcle Settings
to finish the process.
Report this User
Report this user for behavior that violates our
Community Guidelines
.
Details:
Send Report
Go to the Sporcle.com Mobile Site →
Comments